Strength of some Malaysian concrete shuttering plywood

Bibliographic Details
Main Author: KITAMURA
Corporate Author: Institut Penyelidikan Perhutanan Malaysia (FRIM)
Other Authors: Wong
Format: Book
Published: Kuala Lumpur : Jabatan Perhutanan Semenanjung Malaysia , 1983
Series:Research pamphlet ; no. 93
Subjects:

MARC

LEADER 00000cam a2200000 7i4500
001 0000002997
005 20040331.0
090 0 0 |a RP 674.834   |b KIT 1983 
100 1 0 |a KITAMURA   |h Tadao 
245 1 0 |a Strength of some Malaysian concrete shuttering plywood   |c by Tadao Kitamura and Wong Wing Chong 
260 0 0 |a Kuala Lumpur :   |b Jabatan Perhutanan Semenanjung Malaysia ,   |c 1983 
300 |a ii. 63 p. ;   |c 30 cm. 
440 0 0 |a Research pamphlet ; no. 93 
650 0 0 |a Plywood 
650 0 0 |a Strength of materials 
700 0 1 |a Wong   |h Wing Chong 
710 1 1 |a Institut Penyelidikan Perhutanan Malaysia (FRIM) 
998 |a JPSM 
999 |a 0000005332   |b Monograph   |c Open Shelf   |e Default branch 
999 |a 0000005333   |b Monograph   |c Open Shelf   |e Default branch 
999 |a 0000005334   |b Monograph   |c Open Shelf   |e Default branch